| 000 | 00730nmm a2200265 a 4500 | ||
|---|---|---|---|
| 003 | AR-BaBNM | ||
| 005 | 20251128205105.0 | ||
| 008 | 276019s1990 ||||||||||||||000 | spa|| | ||
| 020 | _a950-03-6711-4 | ||
| 040 | _cAR-BaBNM | ||
| 100 | 1 | _aMolina de Costallat, Dalila | |
| 245 | 1 | 0 |
_aPsicomotricidad _bel niño deficiente mental y psicomotor. 2 |
| 250 | _a8ª ed. | ||
| 260 |
_aBuenos Aires _bLosada _c1990 |
||
| 300 | 0 |
_a333 p. _bdiagr., il. |
|
| 650 | 4 | _aEDUCACION ESPECIAL | |
| 650 | 4 | _aDESTREZAS PSICOMOTRICES | |
| 650 | 4 | _aOBJETIVOS PSICOMOTORES | |
| 650 | 4 | _aTECNICAS DE ENSENANZA | |
| 653 | 0 | _aDISCAPACIDAD MOTORA | |
| 653 | 0 | _aDISCAPACIDADES | |
| 653 | 0 | _aDISCAPACIDAD MENTAL | |
| 942 | _cBK | ||
| 998 | _csilvi | ||
| 999 |
_c9946 _d9946 |
||